Quiz o Zgierzu - Statystyki

Ogólne statystyki
  • Ten quiz został rozwiązany 42 razy
  • Średni wynik to 12 z 23
Statystyki odpowiedzi
Pytanie Odpowiedź % Poprawnych
Zwierzę symbolizujące miasto to jeż
94%
Tablice rejestracyjne EZG
84%
Powiat zgierski
84%
Największym miastem z którym graniczy jest : Łódź
81%
Gmina Zgierz
77%
W Zgierzu są dwie drużyny piłkarskie. Są to : Włókniarz/Boruta
74%
Tramwaj który tam dojeżdża ma numer : 45
71%
Pożar wysypiska wybuchł w ....... roku 2018
68%
Jedyna pętla tramwajowa jest na Pl. : Kilińskiego
68%
Mieszkańcy używają gwary łódzkiej
68%
na terenie dawnych zakładów Boruta
58%
Autobusy miejskie należą do firmy : Markab
58%
Największy Kościół jest im. św. ( podaj imię ) Katarzyny
55%
Prezydentem jest ( podaj nazwisko ): Staniszewski
48%
Urząd Miasta znajduje się przy Pl. : Jana Pawła II
39%
oraz Muzeum Miasta Zgierza przy ulicy Dąbrowskiego
32%
Przez miasto przechodzi droga krajowa 71/91
29%
W mieście jest Park Kulturowy Miasto Tkaczy
19%
W mieście jest staw na terenie parku im. Tadeusza Kościuszki
19%
, Łaźnia z roku 1929
13%
Pochodzi ono z wiersza pt. "Przygody Jeża Spod Miasta Zgierza"
13%
i droga wojewódzka 702
10%
Data założenia 1161
3%
Nie znaleziono quizów pasujących do podanych kryteriów
Rozkład punktacji
Procent ludzi z każdym wynikiem
Percentyl według liczby udzielonych odpowiedzi
Twoja historia wyników
Nie rozwiązałeś tego quizu